000 00362pab a2200133 454500
008 180718b1986 xxu||||| |||| 00| 0 eng d
100 _aKofuji, Yasuo
245 _aWealth effects and fiscal policy in the context of a flexible price level
260 _c1986
300 _a232-43
650 _aFinance, Public - Policy
773 _aPublic Finance
909 _a8513
999 _c8513
_d8513